1343 1275 1280 1222 1405 1862 1695 1025 1827 1845 1118 1587 1648 1170 1744 1018 1876 1173 1733 1284 1342 1447 1329 1087 1912 1846 1802 1995 1600 1143 1744 1432 1455 1777 1001 1326 1208 1381 1247 1692 1399 1188 1970 1651 1348 1914 1956 1713 1952 1598 1551 1296 1699 1296 1145 1104 1525 1746 1477 1064 1190 1918 1324 1555 1120 1228 1077 1430 1202 1722 1715 1893 1119 1734 1033 1421 1776 1369 1970 1375 1077 1761 1128 1932 1918 1678 1480 1872 1208 1194 1403 1466 1955 1279 1759 1013 1258 1992 1966 BCNSPRNW ULIB Ver.6.0+V

เปลี่ยนเป็นภาษาไทย

Change to English
 แสดงรายละเอียดบรรณานุกรม
  กลับหน้าหลัก

Brief Record : Get Marc (ISO 2709) : E-mail record : QR code < ปิดหน้าต่าง
LEADER : 00000nam 2200000uu 4500
001    13399127443
003     ULIB
008    200525s2018||||th 000 0 tha d
020    ^a9780702074011 (pbk.)
060 04 ^aWM100^bO98S
100 1  ^aOyebode, Femi
245 10 ^aSims symptoms in the mind : Textbook ofdescriptive psychopathology /^cFemi Oyebode
246 30 ^aSymptoms in the mind
250    ^a6th ed.
260    ^aNew York :^bELSEVIER,^c2018
300    ^axi, 336 p. :^bill. ;^c25 cm.
650  0 ^aPsychology, Pathological
650  2 ^aPsychopathology^xmethods
650  2 ^aMental Disorders^xpsychology
700 1  ^aSims, A. C. P.^tSymptoms in the mind
945    ^p0^l0^i28323
999    ^aกัณชพร จุลอักษร
รายการนี้ยังไม่มีแท็ก
คุณยังไม่ได้ล็อกอิน คุณสามารถมีกิจกรรมร่วมกับเว็บไซต์ได้ แต่ต้องล็อกอินก่อน ::
  ล็อกอิน

รายการสื่อสารสนเทศ

ลำดับที่ ประเภท เลขเรียก/บาร์โค้ด สถานที่ สถานะ
1. หนังสือสำรอง
หนังสือสำรอง
WM100 O98S ฉ.1 
  Barcode: 28323
ห้องสมุดวิทยาเขตนครสวรรค์
►หนังสือทั่วไป:l:General Books
บนชั้น

รายการใกล้เคียง
    ผู้แต่ง [Oyebode, Femi]

    หัวเรื่อง [Psychology, Pathological]

BibComment


ยังไม่เคยถูกคอมเมนท์

คอมเมนท์ทรัพยากรรายการนี้
  คอมเมนท์: Sims symptoms in..


 Copyright 2026. Bcnsprnw @Library